| 000 | 00966 a2200229 4500 | ||
|---|---|---|---|
| 001 | 138 | ||
| 005 | 20260407155413.0 | ||
| 008 | 260407a1996 arg spa d | ||
| 003 | AR-UNSa-BCEJYS | ||
| 040 |
_aAR-UNSa-BCEJYS _bspa _cAR-UNSa-BCEJYS |
||
| 080 |
_a336.2 _xIngresos públicos (Derecho tributario) |
||
| 245 | 1 | 0 | _aDerecho tributario |
| 020 | _a978-950-14-0880-5 | ||
| 264 | 1 |
_aBuenos Aires : _bDepalma _c1996 |
|
| 300 |
_a2 v. _c23 cm |
||
| 505 | _aTomo I: Teoria general de la tributación, Derecho tributario en general, Derecho tributario constitucional, Derecho tributario material o sustantivo. Tomo II: Derecho tributario formal o administrativo, Derecho tributario procesal, Derecho tributario penal. | ||
| 041 | _aspa | ||
| 942 | _cBK | ||
| 590 | _aniveau_biblio:m niveau_hierar:0 | ||
| 100 | 1 | _aGarcía Vizcaíno, Catalina | |
| 856 | 4 | 1 |
_uhttps://biblioeco.unsa.edu.ar/pmb/images/libros/Derecho Tributario 1ed-2ed.jpg _yImagen de portada _qimage/jpeg |
| 999 |
_c107 _d107 |
||